000 00444nam a2200181Ia 4500
001 4137
005 20260306145733.0
008 260306t2015||||xx |||||||||||||| ||spa||
041 _aESP
082 _a306.85
_bS26
100 _aSarmiento, Augusto
_eAUT
245 0 _aLa familia en el magisterio de Benedicto XVI
260 _c2015
300 _axlvi, 395 páginas :
_c24 cm.
650 _aGEN
654 _aCED
942 _cLIB
_dJUS
_fJUS
_2ddc
_n
999 _c4137
_d4137